LEADER 00911nam a2200229 i 4500 001 000000167266 003 CaOOAMICUS 005 20071128000000.0 008 071128s1961 it u000 u ita u 013 $a144639 040 $aSeMil$bita 100 1 $aRossi, Vittorio Giovanni,$d<1898-1978>.$0(OLS)http://semarc/name/90028 245 10$aCristina e lo Spirito Santo /$cVittorio G. Rossi. 260 $a[Milano] :$bArnoldo Mondadori Editore,$c1961. 300 $a239 p. ;$c19 cm. 490 0 $aI libri del pavone ;$vVolume261 830 2$aI libri del pavone ;$vVolume261.$0(OLS)http://semarc/title/6853 850 $aSeMil 852 $aSeMil$W1$xVenegono$y1$m1C II 247$j246553$B118418$CSeMilBibl$Z2$F129272 $81 961 $aRecupero: Altro 996 $6245$aCristina e lo Spirito Santo$9(OLS)http://semarc/title/239238 996 $6260$a[Milano] :$bArnoldo Mondadori Editore$9(OLS)http://semarc/publisher/29634 LEADER 00390nab a2200133 i 4500 001 000000320624 003 CaOOAMICUS 005 20180831173330.0 008 180831n xx uu u0 0mul r 013 $a30831 040 $aSeMil$bita 245 10$aBibliografia di Pierre Blet. 773 0 $t[vedi periodico].$gp.[135]-155$w()279970 996 $6245$aBibliografia di Pierre Blet.$9(OLS)http://semarc/title/394233